[Event "Titled Tuesday intern op 17th Nov"]
[Site "Chess.com INT"]
[Date "2020.11.17"]
[Round "10"]
[White "Sviridov, Valery"]
[Black "Xiong, Jeffery"]
[Result "1-0"]
[WhiteElo "2562"]
[BlackElo "2709"]
[PlyCount "77"]
[EventDate "2020.11.17"]
[EventType "swiss (blitz)"]
[EventRounds "11"]
[EventCountry "USA"]
[SourceTitle "CBM 199 Extra"]
[Source "ChessBase"]
[SourceDate "2021.01.31"]
[SourceVersion "1"]
[SourceVersionDate "2021.01.31"]
[SourceQuality "1"]

1. Nf3 g6 2. g3 Bg7 3. Bg2 d6 4. O-O Nc6 5. c4 ({RR} 5. Re1 Bd7 6. e3 Qc8 7. d4 Bh3 8. c4 h5 9. Nc3 h4 10. Nxh4 Bf6 11. Nf3 Bxg2 12. Kxg2 Qh3+ 13. Kg1 g5 14. Nd5 g4 15. Nxc7+ Kd7 16. Nxa8 gxf3 17. Qxf3 Qxh2+ 18. Kf1 Bxd4 19. exd4 Qh3+ {Vachier Lagrave,M (2819)-Nakamura,H (2791) Chess.com INT 2016 1-0 (43)}) 5... Bd7 6. d4 ({RR} 6. Nc3 Qc8 7. Re1 Bh3 8. Bh1 h5 9. Ng5 h4 10. Nd5 hxg3 11. hxg3 Bd7 12. Bg2 e6 13. Nf4 Qd8 14. d3 Nd4 15. e3 Qxg5 16. exd4 Qh6 17. Kf1 g5 18. Nh3 Bxd4 19. Bxg5 Qg7 20. Be3 Bxe3 {Arabidze,M (2458)-Xiong,J (2645) chess.com INT 2024 0-1 (31)}) 6... Qc8 7. Re1 $146 ({RR} 7. Nc3 Bh3 8. e4 h5 9. Bxh3 Qxh3 10. Ng5 Qg4 11. Qxg4 hxg4 12. d5 Ne5 13. b3 Rh5 14. Kg2 Nf3 15. Nxf3 gxf3+ 16. Kxf3 Bxc3 17. Rb1 Rxh2 {0-1 (17) Papp,G (2553)-Moroni,L (2581) chess.com INT 2024}) ({RR} 7. Nc3 Bh3 8. d5 Ne5 9. Nxe5 Bxe5 10. f4 Bxc3 11. bxc3 h5 12. Qd4 f6 13. e4 Bxg2 14. Kxg2 h4 15. f5 hxg3 16. hxg3 gxf5 17. exf5 Nh6 18. Rh1 Nf7 19. Rxh8+ Nxh8 20. Qg4 Kd7 21. Be3 Nf7 {Hiwale,R (2093)-Maksimovic,B (2505) chess.com INT 2025 0-1 (68)}) 7... Bh3 8. Bh1 h5 9. Ng5 h4 10. Nxh3 hxg3 11. hxg3 Qxh3 12. Bg2 Qh2+ 13. Kf1 Bxd4 14. Nc3 Nf6 15. Nd5 O-O-O 16. Nxe7+ Nxe7 17. Qxd4 Nd7 18. Qxa7 Nc6 19. Qa8+ Ndb8 20. Bg5 Rde8 21. b4 Rh5 22. b5 Ne5 23. Qxb7+ Kd7 24. Be3 Nxc4 25. Bf4 Rf5 26. e3 Qh5 27. Rac1 Rxb5 28. Qa7 Nd2+ 29. Kg1 Nf3+ 30. Bxf3 Qxf3 31. Qxc7+ Ke6 32. Qxd6+ Kf5 33. Rc5+ Kg4 34. Rxb5 Kh3 35. Qd5 Re4 36. Kf1 Nc6 37. Qxc6 Kh2 38. g4+ Kh1 39. Re5 1-0

[Event "ITA-ch Online Qual GpA"]
[Site "Premium Chess Arena INT"]
[Date "2020.11.18"]
[Round "1.3"]
[White "Valsecchi, Alessio"]
[Black "Brunello, Sabino"]
[Result "1-0"]
[WhiteElo "2519"]
[BlackElo "2519"]
[PlyCount "49"]
[EventDate "2020.11.18"]
[EventType "tourn (rapid)"]
[EventRounds "9"]
[EventCountry "ITA"]
[EventCategory "9"]
[SourceTitle "CBM 199 Extra"]
[Source "ChessBase"]
[SourceDate "2021.01.31"]
[SourceVersion "1"]
[SourceVersionDate "2021.01.31"]
[SourceQuality "1"]

1. Nf3 d5 2. g3 c6 3. Bg2 Bf5 4. O-O e6 5. d3 h6 6. Nbd2 Bd6 7. b3 Ne7 8. Bb2 O-O 9. e4 Bh7 10. Qe2 Nd7 11. Rfe1 a5 12. a4 e5 $146 ({RR} 12... b5 13. axb5 cxb5 14. exd5 Nxd5 15. Nd4 Nc7 16. Bxa8 Qxa8 17. Qf3 Qa6 18. Qc6 Qxc6 19. Nxc6 a4 20. bxa4 bxa4 21. Bxg7 {1-0 (21) Sameer,L (2180)-Sarkar,J (2314) Chess.com INT 2022}) 13. d4 exd4 14. Nxd4 Re8 15. Rad1 Bc5 16. c4 Qb6 17. cxd5 Nxd5 18. Nc4 Qc7 19. Qf3 N5f6 20. Nf5 Re6 21. Bh3 Rd8 22. Nxg7 Rxe4 23. Bxd7 Rxe1+ 24. Rxe1 Nxd7 25. Ne8 1-0

[Event "RUS-chT 27th"]
[Site "Sochi"]
[Date "2020.11.19"]
[Round "1.3"]
[White "Timofeev, Artyom"]
[Black "Kobalia, Mihail"]
[Result "1-0"]
[WhiteElo "2585"]
[BlackElo "2590"]
[PlyCount "93"]
[EventDate "2020.11.19"]
[EventType "team-tourn"]
[EventRounds "9"]
[EventCountry "RUS"]
[SourceTitle "CBM 199"]
[Source "ChessBase"]
[SourceDate "2020.12.01"]
[SourceVersion "1"]
[SourceVersionDate "2020.12.01"]
[SourceQuality "1"]
[WhiteTeam "Tatarstan Rook"]
[BlackTeam "Achimgaz QNAO"]
[WhiteTeamCountry "RUS"]
[BlackTeamCountry "RUS"]

1. Nf3 d5 2. b3 Bg4 3. Bb2 Nd7 4. g3 e5 ({RR} 4... Ngf6 5. Bg2 e6 6. d3 Bd6 7. Nbd2 Qe7 8. a3 e5 9. e4 Nc5 10. exd5 Nxd5 11. h3 Bh5 12. O-O O-O 13. Qe1 Rae8 14. Ne4 Nxe4 15. dxe4 Nb6 16. Nh4 Bg6 17. Qa5 a6 18. Nf5 Bxf5 19. exf5 {Terry,R (3009)-Shirov,A (2820) Chess.com 2024 1-0 (49)}) 5. d3 Bd6 6. Nbd2 $146 ({RR} 6. Bg2 Ngf6 7. Nbd2 Qe7 8. e4 c6 9. a3 O-O 10. h3 Bh5 11. O-O dxe4 12. dxe4 a5 13. Qe1 b5 14. Nh4 Bc5 15. Kh1 Rfe8 16. f4 exf4 17. gxf4 Bg6 18. e5 Nd5 19. Bxd5 cxd5 20. f5 Bh5 {Kraus,T (2439)-Batashevs,A (2159) Bangkok THA 2025 1-0 (64)}) 6... Ngf6 7. e4 Bb4 8. c3 Bd6 9. Be2 O-O 10. O-O h6 11. Re1 Re8 12. exd5 Nxd5 13. Nc4 Bh3 14. Nxd6 cxd6 15. c4 Nb4 16. Qd2 Nc6 17. d4 Qf6 18. Rad1 Rad8 19. Bc3 Bg4 20. Kg2 e4 21. Ng1 Qg6 22. Bxg4 Qxg4 23. Qe2 Qxe2 24. Rxe2 f5 25. d5 Nce5 26. f3 Nc5 27. Bd4 Ned3 28. fxe4 fxe4 29. Nh3 a5 30. Nf2 Nxf2 31. Kxf2 Nd3+ 32. Ke3 a4 33. bxa4 Rc8 34. Rc2 Re7 35. Rb1 Rf8 36. Rb6 Rf3+ 37. Ke2 Ne5 38. Rxd6 e3 39. Bxe5 Rf2+ 40. Kd3 Rxe5 41. Re2 Rxe2 42. Kxe2 Re4 43. c5 Rc4 44. Rd8+ Kf7 45. Rc8 Rxa4 46. d6 Ke6 47. Re8+ 1-0

[Event "Kumania-ch"]
[Site "Kisujszallas"]
[Date "2020.11.21"]
[Round "1"]
[White "Mendonca, Leon Luke"]
[Black "Aczel, Gergely"]
[Result "1-0"]
[WhiteElo "2516"]
[BlackElo "2543"]
[PlyCount "99"]
[EventDate "2020.11.21"]
[EventType "tourn"]
[EventRounds "11"]
[EventCountry "HUN"]
[EventCategory "4"]
[SourceTitle "CBM 199 Extra"]
[Source "ChessBase"]
[SourceDate "2021.01.31"]
[SourceVersion "1"]
[SourceVersionDate "2021.01.31"]
[SourceQuality "1"]

1. Nf3 d5 2. g3 c6 3. Bg2 Bg4 4. O-O Nf6 5. d3 Nbd7 6. h3 Bh5 7. c4 dxc4 8. dxc4 e5 9. Nc3 Bc5 10. Nh4 O-O 11. Qc2 Re8 12. Na4 Bf8 13. Rd1 $146 ({RR} 13. Be3 Qa5 14. g4 Bg6 15. Nxg6 hxg6 16. a3 Qc7 17. Rfd1 Be7 18. Rd2 Nf8 19. Nc5 Red8 20. Rad1 N6d7 21. Ne4 Ne6 22. c5 Nf6 23. Nd6 Nd5 24. Bxd5 cxd5 25. Rxd5 Bxd6 26. Rxd6 Nd4 27. Rxd8+ Rxd8 {Mendonca,L (2499)-Petkov,M (2366) Budapest 2020 ½-½ (54)}) 13... Qc7 14. Be3 Rad8 15. g4 Bg6 16. Nxg6 hxg6 17. a3 Be7 18. Qc3 b6 19. Qc2 Nf8 20. Rxd8 Rxd8 21. Rd1 Rxd1+ 22. Qxd1 Ne6 23. Nc3 Nf4 24. Bxf4 exf4 25. Qa4 Bc5 26. Qxc6 Qe5 27. Qf3 a5 28. Na4 Bd4 29. b3 Kh7 30. Qd3 Kh6 31. Bf3 Nd7 32. b4 axb4 33. axb4 f5 34. Kg2 Nf6 35. Qc2 Ne4 36. Bxe4 fxe4 37. c5 f3+ 38. exf3 e3 39. Qe2 b5 40. Nb6 g5 41. fxe3 Bc3 42. Nd7 Qe7 43. c6 Bxb4 44. Qxb5 Qd6 45. h4 Qd2+ 46. Kh3 Be7 47. hxg5+ Bxg5 48. Qb8 Kh7 49. Nf8+ Kh6 50. Ne6 1-0

[Event "Skilling op Prelim"]
[Site "chess24.com INT"]
[Date "2020.11.23"]
[Round "9"]
[White "Firouzja, Alireza"]
[Black "Aronian, Levon"]
[Result "1-0"]
[WhiteElo "2749"]
[BlackElo "2781"]
[PlyCount "53"]
[EventDate "2020.11.22"]
[EventType "tourn (rapid)"]
[EventRounds "15"]
[EventCountry "USA"]
[EventCategory "21"]
[SourceTitle "CBM 200"]
[Source "ChessBase"]
[SourceDate "2021.02.01"]
[SourceVersion "1"]
[SourceVersionDate "2021.02.01"]
[SourceQuality "1"]

1. Nf3 d5 2. g3 Nf6 3. Bg2 g6 4. c4 dxc4 5. Qa4+ Nfd7 6. Qxc4 ({RR} 6. h4 Nc6 7. Qxc4 Bg7 8. Nc3 Nb6 9. Qb3 h6 10. d3 O-O 11. O-O e5 12. Ne4 a5 13. Bd2 Bg4 14. Qd1 Nd5 15. Rc1 Nd4 16. Nxd4 exd4 17. Qb3 c6 18. Qxb7 Bxe2 19. Rfe1 Bxd3 20. Nc5 Rb8 {Keymer,V (2738)-Ding Liren (2762) Karlsruhe GER 2024 1-0 (31)}) 6... Bg7 7. Nc3 ({RR} 7. O-O Nc6 8. d4 Nb6 9. Qc2 O-O 10. Rd1 Bf5 11. Qd2 Qc8 12. Nc3 Rd8 13. Qf4 h6 14. h4 a5 15. a3 Bc2 16. Rd2 Bb3 17. Rd3 Bc4 18. Rd1 Nxd4 19. Rxd4 Rxd4 20. Nxd4 e5 21. Nf5 Qxf5 {Mamedyarov,S (2770)-Aronian,L (2781) chess24.com INT 2021 0-1 (32)}) 7... Nb6 8. Qh4 h6 $146 ({RR} 8... N8d7 9. d3 h6 10. O-O a5 11. Rd1 c6 12. Be3 Qc7 13. Rac1 Qd6 14. Ne4 Qd5 15. Nc3 Qd6 16. Ne4 Qd5 17. b3 g5 18. Qh5 Ra6 19. h4 Qe6 20. Nd4 Qe5 21. hxg5 hxg5 22. Qxg5 Nd5 23. Nf5 {Kjartansson,G (2453)-Stefansson,H (2529) Reykjavik ISL 2023 1-0 (65)}) 9. d4 Nc6 10. O-O Bf5 11. g4 Bd7 12. Rd1 e5 13. Qg3 exd4 14. Nb5 O-O 15. Nxc7 Rc8 16. Nb5 a6 17. Nbxd4 Nxd4 18. Nxd4 Ba4 19. b3 Bxd4 20. Bxh6 Qf6 21. g5 Qh8 22. Rac1 Bd7 23. Qd6 Bg4 24. Rxc8 Rxc8 25. Rxd4 Rc1+ 26. Rd1 Qa1 27. Qf8+ 1-0

[Event "Titled Tuesday intern op 24th Nov"]
[Site "Chess.com INT"]
[Date "2020.11.24"]
[Round "3"]
[White "Sanal, Vahap"]
[Black "Ivanisevic, Ivan"]
[Result "1-0"]
[WhiteElo "2557"]
[BlackElo "2608"]
[PlyCount "67"]
[EventDate "2020.11.24"]
[EventType "swiss (blitz)"]
[EventRounds "11"]
[EventCountry "USA"]
[SourceTitle "CBM 199 Extra"]
[Source "ChessBase"]
[SourceDate "2021.01.31"]
[SourceVersion "1"]
[SourceVersionDate "2021.01.31"]
[SourceQuality "1"]

1. Nf3 c5 2. b3 d6 3. Bb2 e5 4. e3 Nf6 5. Bb5+ ({RR} 5. d4 cxd4 6. exd4 e4 7. Nfd2 d5 8. c4 Bb4 9. Nc3 O-O 10. Be2 Re8 11. O-O Nc6 12. Nxd5 Nxd5 13. cxd5 Qxd5 14. Nc4 Qg5 15. Bc1 Qg6 16. Bh5 Qf6 17. Bb2 Qg5 18. Kh1 Be6 19. Bc1 Qd5 {Nakamura,H (2736)-Fedoseev,V (2676) Chess.com INT 2020 ½-½ (71)}) ({RR} 5. d4 cxd4 6. exd4 e4 7. Nfd2 d5 8. c4 Nc6 9. Be2 Bd6 10. O-O h5 11. h3 Rh6 12. cxd5 Bxh3 13. dxc6 Bxg2 14. f4 Rg6 15. Rf2 Bf3+ 16. Kf1 Ng4 17. Bxf3 Ne3+ 18. Ke2 Nxd1 19. Bxe4 Nxf2 {Yadegar,R (2401)-Firouzja,A (2760) chess.com INT 2025 0-1}) 5... Nbd7 6. O-O Be7 7. d4 cxd4 $146 ({RR} 7... e4 8. Nfd2 O-O 9. f3 exf3 10. Qxf3 cxd4 11. exd4 d5 12. Nc3 Nb8 13. Nd1 Bg4 14. Qf2 a6 15. Bd3 Bxd1 16. Raxd1 Nc6 17. a3 Bd6 18. Qh4 h6 19. Rf5 b5 20. Rdf1 Be7 21. Qf4 Qd6 22. Qf3 {Ekstroem,R (2490)-Wirthensohn,H (2392) Baden 2011 ½-½}) 8. exd4 e4 9. Nh4 O-O 10. Nf5 Nb6 11. Nxe7+ Qxe7 12. Be2 Rd8 13. c4 d5 14. Nc3 Be6 15. c5 Nbd7 16. Qd2 Nf8 17. Rfc1 Ng6 18. Nd1 h5 19. b4 Bg4 20. Bf1 h4 21. Ne3 h3 22. g3 Qe6 23. b5 Rac8 24. a4 Bf3 25. a5 Nh7 26. a6 b6 27. cxb6 axb6 28. Rxc8 Rxc8 29. Rc1 Rb8 30. Rc6 Qd7 31. Qc1 Ng5 32. Rc7 Qe6 33. Qc6 Bg4 34. a7 1-0

[Event "Titled Tuesday intern op 24th Nov"]
[Site "Chess.com INT"]
[Date "2020.11.24"]
[Round "7"]
[White "Sanal, Vahap"]
[Black "Nasuta, Grzegorz"]
[Result "1-0"]
[WhiteElo "2557"]
[BlackElo "2535"]
[PlyCount "103"]
[EventDate "2020.11.24"]
[EventType "swiss (blitz)"]
[EventRounds "11"]
[EventCountry "USA"]
[SourceTitle "CBM 199 Extra"]
[Source "ChessBase"]
[SourceDate "2021.01.31"]
[SourceVersion "1"]
[SourceVersionDate "2021.01.31"]
[SourceQuality "1"]

1. Nf3 Nf6 2. b3 d5 3. Bb2 Bf5 4. e3 e6 5. Be2 h6 6. O-O Bd6 7. d3 O-O 8. Nbd2 Bh7 ({RR} 8... c5 9. Ne5 Nc6 10. f4 Nd7 11. Nxc6 bxc6 12. g4 Bh7 13. Qe1 e5 14. f5 Qg5 15. Qf2 d4 16. Ne4 Qe7 17. Nxd6 Qxd6 18. e4 g6 19. Bc1 g5 20. h4 f6 21. hxg5 hxg5 22. a4 Qe7 23. Qg3 {Rog,B (2304)-Qi,J (1787) chess.com INT 2025 1-0 (38)}) 9. Ne5 Nbd7 10. f4 c5 $146 ({RR} 10... Bc5 11. d4 Be7 12. Bd3 c5 13. Qf3 Qa5 14. Rad1 Bxd3 15. Nxd3 Rac8 16. dxc5 Bxc5 17. Nxc5 Rxc5 18. c4 b5 19. a3 Rc6 20. b4 Qa4 21. cxd5 exd5 22. e4 Qc2 23. exd5 Rd6 24. Bxf6 Nxf6 25. Nb3 {Cervantes Landeiro,T (2272)-Eswaran,A (2365) Saint Louis USA 2022 1-0 (43)}) 11. Ndf3 Qc7 12. Qe1 d4 13. Nc4 dxe3 14. Nxd6 Qxd6 15. Ne5 Nd5 16. Qg3 f6 17. Nc4 Qc7 18. Rae1 b5 19. Nxe3 N7b6 20. Bg4 Rae8 21. Nxd5 exd5 22. Rxe8 Rxe8 23. Bh5 Re6 24. Re1 Qe7 25. Rxe6 Qxe6 26. f5 Bxf5 27. h3 Kh7 28. Kh2 Nc8 29. Qc7 Qd6+ 30. Qxd6 Nxd6 31. Ba3 b4 32. Bc1 Nb5 33. Bf3 Be6 34. Bf4 Kg6 35. Bb8 Kf7 36. Bh5+ Ke7 37. Bf3 Kd7 38. h4 Kc6 39. h5 a5 40. Kg3 Nc3 41. Kf4 Nxa2 42. Bg4 Bf7 43. d4 c4 44. Ba7 cxb3 45. cxb3 a4 46. bxa4 b3 47. Bc5 b2 48. Bf5 Nc3 49. Ba3 b1=Q 50. Bxb1 Nxb1 51. Bf8 Bxh5 52. g4 1-0

[Event "PNWCC Thanksgiving op"]
[Site "Chess.com INT"]
[Date "2020.11.29"]
[Round "7"]
[White "Oparin, Grigoriy"]
[Black "Checa, Nicolas D"]
[Result "1-0"]
[WhiteElo "2652"]
[BlackElo "2527"]
[PlyCount "73"]
[EventDate "2020.11.27"]
[EventType "swiss (rapid)"]
[EventRounds "9"]
[EventCountry "USA"]
[SourceTitle "CBM 199 Extra"]
[Source "ChessBase"]
[SourceDate "2021.01.31"]
[SourceVersion "1"]
[SourceVersionDate "2021.01.31"]
[SourceQuality "1"]

1. Nf3 d5 2. g3 Nf6 3. Bg2 Bf5 4. O-O e6 5. d3 Be7 6. Nh4 Bg4 7. h3 Bh5 8. f4 ({RR} 8. Qe1 Nfd7 9. Nf3 Nc6 10. e4 Bxf3 11. Bxf3 Nd4 12. Bd1 O-O 13. c3 Nc6 14. d4 dxe4 15. Qxe4 e5 16. dxe5 Ndxe5 17. Be3 Kh8 18. f4 f5 19. Qc2 Nc4 20. Bf2 Qd5 21. b3 Nd6 22. Nd2 Ne4 {Sooraj,M (2154)-Asensio Ramos,E (2227) chess.com INT 2025 1-0 (48)}) 8... O-O ({RR} 8... Nfd7 9. Nf3 Bg6 10. Qe1 f5 11. Nc3 c5 12. e4 fxe4 13. dxe4 d4 14. f5 Bf7 15. fxe6 Bxe6 16. Nd5 O-O 17. Bf4 Nc6 18. Nc7 Bc4 19. Nxa8 Bxf1 20. Bxf1 Qxa8 21. e5 Nb6 22. Qe4 Qd8 23. c4 {Dubov,D (2614)-Naiditsch,A (2705) Dubai 2014 1-0 (46)}) 9. g4 $146 ({RR} 9. Qe1 Nc6 10. c3 h6 11. Nd2 Nd7 12. Ndf3 e5 13. g4 Bg6 14. Nxg6 fxg6 15. fxe5 Ndxe5 16. Nxe5 Nxe5 17. Bf4 Bf6 18. d4 Nf7 19. e4 dxe4 20. Qxe4 g5 21. Bg3 c6 22. Rae1 Kh8 23. Qg6 Nd6 {Esipenko,A (2677)-Atakishiyev,E (2408) chess.com INT 2024 1-0 (32)}) 9... Nfd7 10. Nf3 Bg6 11. Qe1 c6 12. e4 dxe4 13. dxe4 f6 14. Nc3 Qc7 15. Kh1 Bf7 16. h4 c5 17. g5 Nc6 18. gxf6 gxf6 19. f5 Kh8 20. fxe6 Bxe6 21. Nd5 Qd8 22. Bf4 Nde5 23. Rd1 Nxf3 24. Bxf3 Nd4 25. Nc7 Qc8 26. Nxa8 Nxf3 27. Rxf3 Bg4 28. Rfd3 Bxd1 29. Qxd1 Qxa8 30. Rd7 Qc8 31. Rxe7 Qh3+ 32. Bh2 Rg8 33. Qe2 Rg3 34. e5 f5 35. e6 Re3 36. Re8+ Kg7 37. Qg2+ 1-0

[Event "RUS-ch 73rd"]
[Site "Moscow"]
[Date "2020.12.10"]
[Round "6"]
[White "Artemiev, Vladislav"]
[Black "Esipenko, Andrey"]
[Result "1-0"]
[WhiteElo "2711"]
[BlackElo "2686"]
[PlyCount "59"]
[EventDate "2020.12.05"]
[EventType "tourn"]
[EventRounds "11"]
[EventCountry "RUS"]
[EventCategory "18"]
[SourceTitle "CBM 200"]
[Source "ChessBase"]
[SourceDate "2021.02.01"]
[SourceVersion "1"]
[SourceVersionDate "2021.02.01"]
[SourceQuality "1"]

1. Nf3 d5 2. g3 Nf6 3. Bg2 e6 4. O-O Be7 5. d3 O-O 6. Bf4 c5 7. e4 ({RR} 7. a4 Nc6 8. e4 Nh5 9. Bd2 Nf6 10. e5 Ng4 11. Qe2 f6 12. exf6 Bxf6 13. c3 Kh8 14. Na3 e5 15. h3 Nh6 16. Bxh6 gxh6 17. Rad1 Be6 18. c4 Qd7 19. cxd5 Bxd5 20. Nc4 Rae8 21. Qe3 Bg7 {Theodorou,N (2619)-Navara,D (2689) Douglas IOM 2023 ½-½ (33)}) 7... Nc6 8. Ne5 ({RR} 8. a4 b6 9. Qe2 dxe4 10. dxe4 Bb7 11. Nc3 Qc8 12. Rfd1 Nb4 13. e5 Nfd5 14. Bg5 Nxc3 15. bxc3 Nd5 16. Bxe7 Nxe7 17. Ng5 Bxg2 18. Kxg2 Qc6+ 19. Kg1 h6 20. Ne4 Rad8 21. Nd6 Nf5 22. Qb5 Qc7 {Keinanen,T (2535)-Turski,B (2369) Eforie Nord ROU 2025 ½-½}) 8... Nxe5 9. Bxe5 Nd7 $146 ({RR} 9... b5 10. exd5 exd5 11. Re1 Bb7 12. c4 b4 13. d4 Qc8 14. cxd5 Nxd5 15. dxc5 Rd8 16. Nd2 Qxc5 17. Rc1 Qb5 18. Qg4 Nf6 19. Qc4 Qd7 20. Bc7 Bxg2 21. Bxd8 Bd5 22. Rxe7 Bxc4 23. Rxd7 Nxd7 24. Rxc4 {Daneshvar,B (2597)-Kuziev,M (2218) Tashkent UZB 2024 1-0 (45)}) 10. Bf4 d4 11. a4 e5 12. Bd2 Nb8 13. Na3 Nc6 14. f4 exf4 15. gxf4 f5 16. Nc4 Be6 17. a5 Qd7 18. exf5 Bd5 19. Ne5 Nxe5 20. Bxd5+ Qxd5 21. fxe5 Qxe5 22. Qf3 Rad8 23. Qxb7 Rxf5 24. Rfe1 Qf6 25. Rxe7 Rf8 26. Ree1 Qg6+ 27. Kh1 Rf2 28. Qd5+ Kh8 29. Rg1 Qe8 30. Rg2 1-0

[Event "Titled Tuesday intern op 15st Dec"]
[Site "Chess.com INT"]
[Date "2020.12.15"]
[Round "5"]
[White "Pantsulaia, Levan"]
[Black "Svane, Rasmus"]
[Result "1-0"]
[WhiteElo "2553"]
[BlackElo "2613"]
[PlyCount "83"]
[EventDate "2020.12.15"]
[EventType "swiss (blitz)"]
[EventRounds "11"]
[EventCountry "USA"]
[SourceTitle "CBM 199 Extra"]
[Source "ChessBase"]
[SourceDate "2021.01.31"]
[SourceVersion "1"]
[SourceVersionDate "2021.01.31"]
[SourceQuality "1"]

1. Nf3 d5 2. g3 g6 3. Bg2 Bg7 4. O-O Nf6 5. b3 Ne4 6. c3 O-O 7. Bb2 c5 8. d3 Nd6 9. Nbd2 Nc6 10. e4 d4 11. cxd4 cxd4 $146 ({RR} 11... Nb5 12. Rc1 Nbxd4 13. Nxd4 Bxd4 14. Bxd4 Qxd4 15. Nf3 Qd6 16. Qd2 Bg4 17. e5 Nxe5 18. Nxe5 Qxe5 19. Bxb7 Rad8 20. Rfe1 Qd6 21. Qg5 Be6 22. Be4 Rc8 23. h4 Kg7 24. Rc2 Rc7 25. Rec1 Rfc8 26. h5 {Pantsulaia,L (2553)-Erdos,V (2618) Chess.com INT 2020 1-0 (37)}) 12. a4 Rb8 13. Ba3 b6 14. Rc1 Bb7 15. b4 Rc8 16. Qb3 Qd7 17. h4 Ne5 18. Nxe5 Bxe5 19. Kh2 Rc3 20. Rxc3 dxc3 21. Nf3 Bg7 22. b5 Rc8 23. Rc1 Ne8 24. d4 Nf6 25. Ne5 Qxd4 26. Qxf7+ Kh8 27. f4 Bxe4 28. Qe6 h6 29. Qxc8+ Kh7 30. Bxe4 Nxe4 31. Qg4 Qf2+ 32. Kh3 Bxe5 33. fxe5 Qe3 34. Qf4 Qe2 35. Qf7+ Kh8 36. Qf8+ Kh7 37. Qxe7+ Kh8 38. Qf8+ Kh7 39. Rf1 Ng5+ 40. hxg5 Qh5+ 41. Kg2 Qe2+ 42. Qf2 1-0

[Event "Titled Tuesday intern op 15st Dec"]
[Site "Chess.com INT"]
[Date "2020.12.15"]
[Round "5"]
[White "Praggnanandhaa, Rameshbabu"]
[Black "Donchenko, Alexander"]
[Result "1-0"]
[WhiteElo "2608"]
[BlackElo "2668"]
[PlyCount "77"]
[EventDate "2020.12.15"]
[EventType "swiss (blitz)"]
[EventRounds "11"]
[EventCountry "USA"]
[SourceTitle "CBM 199 Extra"]
[Source "ChessBase"]
[SourceDate "2021.01.31"]
[SourceVersion "1"]
[SourceVersionDate "2021.01.31"]
[SourceQuality "1"]

1. Nf3 {ChessBase II} Nf6 2. g3 b5 ({RR} 2... d5 3. Bg2 Bg4) 3. Bg2 Bb7 4. O-O e6 5. d3 c5 6. e4 d6 7. a4 b4 8. a5 ({RR} 8. Nbd2 Nc6 9. Nc4 Qc7 10. Re1 Be7 11. a5 Rd8 12. a6 Ba8 13. Bf4 O-O 14. e5 dxe5 15. Nfxe5 Qc8 16. Nxc6 Bxc6 17. Bxc6 Qxc6 18. b3 Nd7 19. Qe2 Bf6 20. Ra5 Bc3 21. Qe4 Qd5 22. Bd2 Bxd2) 8... Be7 9. Nbd2 O-O 10. Nc4 ({RR} 10. Re1 Nbd7 11. Nc4 a6 12. c3 d5 13. exd5 Nxd5 14. Bd2 Qc7 15. Rc1 bxc3 16. bxc3 Rad8 17. h4 h6 18. Rb1 Ba8 19. Nh2 N7f6 20. Qe2 Rfe8 21. Nf3 Nd7 22. d4 Bf8 23. Nfe5 cxd4 24. cxd4 Nxe5 {Hillarp Persson,T (2457)-Pichot,A (2628) Budapest HUN 2024 0-1 (43)}) 10... Nbd7 ({RR} 10... Nfd7 11. Bf4 Qc7 12. Re1 a6 13. e5 dxe5 14. Nfxe5 Nxe5 15. Bxe5 Qc6 16. Bxc6 Nxc6 17. Qg4 g6 18. c3 Rad8 19. Rad1 Rd5 20. Bf4 Rfd8 21. Nb6 Rh5 22. Qe2 Nxa5 23. cxb4 Nc6 24. Qe4 Rd4 25. Qe3 {Praggnanandhaa,R (2608)-Andreikin,D (2724) Chess.com INT 2021 ½-½ (84)}) 11. Bf4 ({RR} 11. Re1 Rc8 12. Bg5 h6 13. Bxf6 Nxf6 14. e5 Bxf3 15. Qxf3 dxe5 16. Rxe5 Nd5 17. Rae1 Bf6 18. R5e4 Ne7) 11... e5 $146 ({RR} 11... d5 12. a6 Bc6 13. Na5 Bb5 14. e5 ({RR} 14. Nb7 Qb6) 14... Ne8 15. c4 bxc3 16. bxc3 Rc8 ({RR} 16... Bxa6 17. Nc6) 17. c4 Bxa6 18. cxd5 exd5 19. Bh3 ({RR} 19. Nb3 Qb6) 19... Nb6 20. Bxc8 Qxc8 21. Nc6 Qxc6 22. Rxa6 Nc7 23. Rxa7 Re8 24. Qb3 Nc8 25. Ra5 d4 26. e6 {Amin,B (2704)-Nihal,S (2598) Brest 2019 CBM 190 Extra [ChessBase II] 1-0} ({RR} 26. Nd2)) 12. Bg5 h6 13. Bxf6 Nxf6 14. Nh4 Bc8 15. Ne3 h5 16. Nhf5 g6 17. Nxe7+ Qxe7 18. f4 Kg7 19. Qd2 Be6 20. f5 Bd7 21. Rf2 Bc6 22. Raf1 Qc7 23. Nd5 Bxd5 24. exd5 Qxa5 25. Qg5 Qd8 26. Bh3 Nxd5 27. f6+ Kh7 28. Bg2 Nc7 29. Be4 Rh8 30. Qxh5+ Kg8 31. Qg4 Qc8 32. Bf5 Ne6 33. Bxg6 fxg6 34. Qxg6+ Kf8 35. Rf5 Qd7 36. f7 Nd4 37. Rh5 Rxh5 38. Qg8+ Ke7 39. f8=Q+ 1-0

[Event "Titled Tuesday intern op 15st Dec"]
[Site "Chess.com INT"]
[Date "2020.12.15"]
[Round "6"]
[White "Onischuk, Vladimir"]
[Black "Gukesh, Dommaraju"]
[Result "1-0"]
[WhiteElo "2622"]
[BlackElo "2563"]
[PlyCount "57"]
[EventDate "2020.12.15"]
[EventType "swiss (blitz)"]
[EventRounds "11"]
[EventCountry "USA"]
[SourceTitle "CBM 199 Extra"]
[Source "ChessBase"]
[SourceDate "2021.01.31"]
[SourceVersion "1"]
[SourceVersionDate "2021.01.31"]
[SourceQuality "1"]

1. Nf3 Nf6 2. g3 g6 3. Bg2 Bg7 4. O-O O-O 5. d3 d5 6. Nbd2 c5 7. e4 Nc6 8. Re1 e6 9. Qe2 b6 10. Nb3 $146 ({RR} 10. Nf1 c4 11. e5 cxd3 12. cxd3 Nd7 13. d4 a5 14. Bg5 Qe8 15. h4 f6 16. exf6 Nxf6 17. N3h2 Ne4 18. Qe3 Ra7 19. Bh6 Nb4 20. Rec1 Bxh6 21. Qxh6 Ba6 22. Ng4 Be2 23. Nfe3 Bxg4 24. Nxg4 Nd3 {Monaville,G-Van Seters,F Bredene 1971 1-0}) ({RR} 10. Nf1 a5 11. e5 Nd7 12. Bf4 a4 13. h4 a3 14. b3 h5 15. N1h2 b5 16. g4 hxg4 17. Nxg4 Nd4 18. Nxd4 cxd4 19. Bg5 f6 20. exf6 Nxf6 21. Bh3 Ra6 22. Kh1 Qe8 23. Nxf6+ Bxf6 24. Rg1 Bg7 {Bu,X (2702)-Vitiugov,N (2681) Sochi 2009 0-1 (41)}) ({RR} 10. Nf1 h6 11. h4 e5 12. exd5 Nxd5 13. Ne3 Nxe3 14. Bxe3 Qc7 15. Qd2 Kh7 16. h5 Bb7 17. hxg6+ fxg6 18. Nh4 Ne7 19. Qe2 Bxg2 20. Kxg2 g5 21. Nf3 Qc6 22. g4 Ng6 23. Kg3 e4 24. dxe4 Qxe4 {Tillyaev,U (2396)-Tsyhanchuk,S (2372) Tashkent 2015 0-1}) ({RR} 10. Nf1 h6 11. h4 dxe4 12. dxe4 e5 13. c3 Be6 14. Ne3 Nxe4 15. Nd2 f5 16. Nxe4 fxe4 17. Bxe4 Qe8 18. Ng4 h5 19. Nh2 Bf5 20. Bg5 Rc8 21. Rad1 Qf7 22. Rd2 Kh8 23. Bd5 Qc7 24. Be4 Qf7 {Onischuk,V (2516)-Nakar,E (2344) Plovdiv 2012 1-0 (53)}) 10... e5 11. Bg5 d4 12. c4 dxc3 13. bxc3 Ba6 14. Red1 Qd7 15. Ne1 h6 16. Bxf6 Bxf6 17. Nc2 Rad8 18. Ne3 Bxd3 19. Qf3 Bg7 20. Bf1 Bxe4 21. Qxe4 Qc8 22. Bc4 Ne7 23. Rxd8 Rxd8 24. Qf3 Rf8 25. Rd1 Kh7 26. Rd6 f5 27. Qd1 e4 28. Rd7 Qe8 29. Qd6 1-0